• 首页
  • 本馆介绍
  • 公告通知
  • 最新文献
  • 馆藏检索
  • 电子资源
  • 读者导购
  • 参考咨询
  • 我的图书馆
  • 登录
  • 详细信息显示
  • 放入我的书架
  • 预约/预借图书
  • 作者相关作品
  • 分类相关作品
  • 丛书相关作品
  • 出版社相关作品

书目信息

  • 表格格式
  • 工作单格式
  • 卡片格式
题名:
美的哲学
    
 
作者: 李翔德 著
分册:  
出版信息: 太原   山西人民出版社  1982
页数: 348页
开本: 21cm
丛书名:
单 册:
中图分类: B026
科图分类:
主题词: 美学--文集 , 辩证唯物主义
电子资源:
ISBN:
000 00627nam0 2200241 45
001 0182006046
005 20051229102031.75
010    @dCNY0.97
091    @a2088.78
100    @a19950630d1982 em y0chiy0121 ea
101 0  @achi
102    @aCN@b140000
105    @ay z 000yy
200 10 @a美的哲学@Amei de zhe xue@f李翔德著@Fli xiang de zhu
210    @a太原@c山西人民出版社@d1982
215    @a348页@d21cm
606    @a美学@x文集
606 0  @a辩证唯物主义
690    @aB026
701  0 @a李翔德@Ali xiang de@4著
801  2 @aCN@bNLC@c20051229
801  0 @aCN@b上海图书馆@c20040508
905    @f2@b92331-332@dB026@e13
    
    美的哲学/李翔德著.-太原:山西人民出版社,1982
    348页;21cm
    
    
    ISBN :CNY0.97
    
●
相关链接 在E读中查询图书 在五车中查询图书 在当当中查询图书 在豆瓣中查询图书


正题名:美的哲学     索取号:B026/13         预约/预借

序号 登录号 条形码 馆藏地/架位号 状态 备注
1 0092331   001115590   第一样本阅览室/ [索取号:B026/13] 在馆    
2 0092332   001115607   密集书库/ [索取号:B026/13] 在馆    
3 0092333   202183975   密集书库/ [索取号:B026/13] 在馆    
唐山师范学院图书馆 欢迎您!
大连网信软件有限公司© 版权所有